[Event "Huesca Province-ch"]
[Site "Sabinanigo"]
[Date "2016.11.12"]
[Round "5"]
[White "Torres Castello, Antonio"]
[Black "Sanclemente Aragues, Angel"]
[Result "0-1"]
[WhiteElo "1469"]
[BlackElo "1703"]
[PlyCount "44"]
[EventDate "2016.10.15"]
[EventType "swiss"]
[EventRounds "7"]
[EventCountry "ESP"]
[SourceTitle "EXT 2018"]
[Source "ChessBase"]
[SourceDate "2017.10.13"]
[SourceVersion "1"]
[SourceVersionDate "2017.10.13"]
[SourceQuality "1"]

1. c4 c5 2. Nc3 Nf6 3. e4 e6 4. e5 Ng8 5. Nf3 Nc6 6. d3 a6 7. Be2 Nge7 8. Be3 Nf5 9. Bf4 Nfd4 10. 0-0 Qc7 11. Ne4 Nxf3+ 12. Bxf3 Nxe5 13. Kh1 d6 14. Qe2 Nxf3 15. Qxf3 Be7 16. Rfe1 0-0 17. Qg3 f6 18. Re3 e5 19. Bh6 Rf7 20. Rf3 Qd8 21. Re1 b5 22. Ng5 fxg5 0-1

[Event "Huesca Province-ch"]
[Site "Sabinanigo"]
[Date "2016.10.15"]
[Round "1"]
[White "Torres Castello, Antonio"]
[Black "Chesa Chavarria, Aurelio"]
[Result "0-1"]
[WhiteElo "1469"]
[BlackElo "1747"]
[PlyCount "52"]
[EventDate "2016.10.15"]
[EventType "swiss"]
[EventRounds "7"]
[EventCountry "ESP"]
[SourceTitle "EXT 2018"]
[Source "ChessBase"]
[SourceDate "2017.10.13"]
[SourceVersion "1"]
[SourceVersionDate "2017.10.13"]
[SourceQuality "1"]

1. c4 c5 2. Nc3 Nc6 3. e4 g6 4. d3 Bg7 5. Be3 d6 6. Nf3 e6 7. Be2 Nge7 8. 0-0 Nd4 9. Rb1 Nec6 10. Qd2 0-0 11. Nb5 Nxe2+ 12. Qxe2 a6 13. Nc3 Nd4 14. Qd1 Rb8 15. Qd2 Bd7 16. Bh6 Bc6 17. Bxg7 Nxf3+ 18. gxf3 Kxg7 19. Kh1 f5 20. Rg1 fxe4 21. fxe4 d5 22. Rg3 dxe4 23. Kg1 Qd4 24. Re1 Rbd8 25. Nxe4 Bxe4 26. Rxe4 Qxe4 0-1